<?xml version="1.0" encoding="UTF-8"?>
<record
    xmlns:xsi="http://www.w3.org/2001/XMLSchema-instance"
    xsi:schemaLocation="http://www.loc.gov/MARC21/slim http://www.loc.gov/standards/marcxml/schema/MARC21slim.xsd"
    xmlns="http://www.loc.gov/MARC21/slim">

  <leader>01021nem a22002417a 4500</leader>
  <controlfield tag="005">20200104041739.0</controlfield>
  <controlfield tag="008">160419b2003    ck ||||| |a|| 00| 0 spa d</controlfield>
  <datafield tag="040" ind1=" " ind2=" ">
    <subfield code="a">CO-BoIAVH</subfield>
    <subfield code="c">CO-BoIAVH</subfield>
  </datafield>
  <datafield tag="041" ind1=" " ind2=" ">
    <subfield code="a">spa</subfield>
  </datafield>
  <datafield tag="044" ind1=" " ind2=" ">
    <subfield code="a">ck</subfield>
  </datafield>
  <datafield tag="090" ind1=" " ind2=" ">
    <subfield code="a">MC-</subfield>
    <subfield code="b">0007</subfield>
  </datafield>
  <datafield tag="110" ind1="2" ind2=" ">
    <subfield code="a">Instituto de Investigaci&#xF3;n de Recursos Biol&#xF3;gicos Alexander von Humboldt.</subfield>
    <subfield code="9">204</subfield>
  </datafield>
  <datafield tag="245" ind1="1" ind2=" ">
    <subfield code="a">Mapa base plancha #223 (Departamento Choc&#xF3;- Valle del Cauca :</subfield>
    <subfield code="b">Unidad de sistemas de informaci&#xF3;n Geografica- UNISIG Programa  Biolog&#xED;a de la conservaci&#xF3;n.</subfield>
    <subfield code="c">Instituto de Investigaci&#xF3;n de recursos biol&#xF3;gicos Alexander Von Humboldt</subfield>
    <subfield code="h">[Material Cartogr&#xE1;fico]</subfield>
  </datafield>
  <datafield tag="255" ind1=" " ind2=" ">
    <subfield code="a">1:75000</subfield>
  </datafield>
  <datafield tag="260" ind1=" " ind2=" ">
    <subfield code="a">Bogot&#xE1;</subfield>
    <subfield code="b">de Investigaci&#xF3;n de Recursos Biol&#xF3;gicos Alexander von Humboldt.</subfield>
    <subfield code="c">2003</subfield>
  </datafield>
  <datafield tag="300" ind1=" " ind2=" ">
    <subfield code="a">1 mapa ;</subfield>
    <subfield code="c">70 x 1.00 cm</subfield>
  </datafield>
  <datafield tag="650" ind1=" " ind2="4">
    <subfield code="a">Geografia</subfield>
    <subfield code="z">Choc&#xF3;</subfield>
    <subfield code="9">70064</subfield>
  </datafield>
  <datafield tag="650" ind1=" " ind2="4">
    <subfield code="a">Reservas Naturales</subfield>
    <subfield code="z">Choc&#xF3;</subfield>
    <subfield code="9">70065</subfield>
  </datafield>
  <datafield tag="650" ind1=" " ind2="6">
    <subfield code="a">Hidrograf&#xED;a</subfield>
    <subfield code="z">Choc&#xF3;</subfield>
    <subfield code="9">70066</subfield>
  </datafield>
  <datafield tag="650" ind1=" " ind2="6">
    <subfield code="a">Infraestructura</subfield>
    <subfield code="z">Choc&#xF3;</subfield>
    <subfield code="9">70067</subfield>
  </datafield>
  <datafield tag="650" ind1=" " ind2="6">
    <subfield code="a">Carreteras</subfield>
    <subfield code="z">Choc&#xF3;</subfield>
    <subfield code="9">70068</subfield>
  </datafield>
  <datafield tag="942" ind1=" " ind2=" ">
    <subfield code="2">z</subfield>
    <subfield code="c">Mapa</subfield>
  </datafield>
  <datafield tag="999" ind1=" " ind2=" ">
    <subfield code="c">18300</subfield>
    <subfield code="d">18300</subfield>
  </datafield>
  <datafield tag="952" ind1=" " ind2=" ">
    <subfield code="0">0</subfield>
    <subfield code="1">0</subfield>
    <subfield code="2">z</subfield>
    <subfield code="4">0</subfield>
    <subfield code="7">0</subfield>
    <subfield code="8">CARTOGRAFI</subfield>
    <subfield code="a">Bogota</subfield>
    <subfield code="b">Bogota</subfield>
    <subfield code="d">2016-04-19</subfield>
    <subfield code="l">0</subfield>
    <subfield code="o">MC-0007</subfield>
    <subfield code="p">040031</subfield>
    <subfield code="r">2016-04-19 00:00:00</subfield>
    <subfield code="t">Ej. 1</subfield>
    <subfield code="w">2016-04-19</subfield>
    <subfield code="y">Mapa</subfield>
  </datafield>
</record>
